Hasil pertanian

Bibliographic Details
Main Author: Faridah Taib
Format: Book
Published: Petaling Jaya : Penerbit Pinang , 1995
Series:Siri Hasil Negara
Subjects:

MARC

LEADER 00000cam a2200000 7i4500
001 0000008833
002 000009631
005 20011113.0
020 |a 9830550230 
090 0 0 |a 338.09595   |b FAR 
100 0 |a Faridah Taib 
245 1 0 |a Hasil pertanian   |c Faridah Taib 
260 |a Petaling Jaya :   |b Penerbit Pinang ,   |c 1995 
300 |a 36p. :   |b ill. ;   |c 25cm. 
490 0 |a Siri Hasil Negara 
650 0 0 |a Agriculture   |z Malaysia   |x Juvenile literature 
999 |a 052696   |b BUKU   |c PINJAMAN   |e PERPUSTAKAAN KOMUNITI PETALING JAYA